Регионална библиотека "Любен Каравелов" - Русе

Комуникации в международния бизнес (Запис номер 103910)

MARC детайли
000 -Лидер
Контролно поле с фиксирана дължина 02079nam a2200421 c 4500
003 - Код на организацията, давaща контролен номер
Контролно поле BLK
005 - Дата и час на последна редакция
Контролно поле 20180420230244.0
008 - Елементи от данни с фиксирана дължина
fixed length control field 180409b bul|||||r ||||||| ||bul||
010 ## - Наследен системен номер
LC control number KNG00108993000
020 ## - Международен стандартен номер на книга ISBN
Международен стандартен номер на книга ISBN 954-90596-2-6
-- издат.: Консулт АГ
040 ## - Източник на каталожния запис
Идентификатор на билиотеката - собственик на записа BLK
041 ## - Код за език
Код за езика на текст/звукозапис или на отделно заглавие Български
Код за езика КДБФ Български
080 ## - УДК
Текстов определител УДК Икономическа психология. Икономическо поведение. Физиологични и психологични елементи. Интереси. Икономически дух
УДК код - определител по УДК 330.16
УДК определител
УДК - код + определител 330.16
080 ## - УДК
Текстов определител УДК Международни икономически отношения. Външностопанска политика. Световно стопанство
УДК код - определител по УДК 339.9
УДК определител
УДК - код + определител 339.9
080 ## - УДК
Текстов определител УДК Психологически въпроси. Ергономия
УДК код - определител по УДК 005.32
УДК определител
УДК - код + определител 005.32
100 1# - Редна дума - Автор
Автор Василева, Антоанета
Авторска отговорност първи автор
R(LIN) 309730
139 ## - Редно поле
Редна дума Василева, Антоанета
Авторски знак Васи - В 24
245 10 - Сведения за заглавието
Заглавие Комуникации в международния бизнес
Подзаглавни данни Влияния на различията в нац. култури
Редно поле (дума) Антоанета Василева.
257 ## - Страна на издаване
Страна на създаване/издаване България
260 ## - Област на издателските данни
-- София
Име на издателя, разпространителя и проч. Консулт АГ
Година на издаване 2002
Печатница София : Петекстон
300 ## - Физическа характеристика
Страници 144 с.
Илюстрации и др. със сх., табл.
Размери/Мащаб 24 см
380 ## - Жанр
Жанр Обществени науки
500 ## - Общи забележки
Забележка Офс. изд. - Библиор. с. 141-142. - 300 тир.
650 #4 - Допълнително описание по предмет – тема
Основно описание – тема или топоним Комуникации
9 (RLIN) 159087
650 #4 - Допълнително описание по предмет – тема
Основно описание – тема или топоним Международни икономически отношения
9 (RLIN) 253712
650 #4 - Допълнително описание по предмет – тема
Основно описание – тема или топоним Икономическо поведение
9 (RLIN) 245306
650 #4 - Допълнително описание по предмет – тема
Основно описание – тема или топоним Управленски труд - психологични проблеми
9 (RLIN) 247764
653 ## - Ключова дума – ненормативна
Ключова дума международни икономически отношения
653 ## - Ключова дума – ненормативна
Ключова дума комуникации
653 ## - Ключова дума – ненормативна
Ключова дума труд
653 ## - Ключова дума – ненормативна
Ключова дума управленски труд
653 ## - Ключова дума – ненормативна
Ключова дума лидерство
852 ## - Местоположение
Форматна сигнатура Цб 216713
856 4# - Електронен адрес и достъп
Електронен формат pdf - файл
Път до файла /url/
856 4# - Електронен адрес и достъп
Електронен формат pdf - файл
Път до файла /url/
942 ## - АРТИКУЛИ
Вид на библиотечния материал Книги
Скрит в OPAC Не
944 ## - СЪЗДАВАНЕ И РЕДАКЦИЯ на ЗАПИСА
Създаване/Редакция Създаване
Дата на регистрацията/редакция 18.11.2003
Служител, извършил регистрацията/редакцията Кети_Илиева
944 ## - СЪЗДАВАНЕ И РЕДАКЦИЯ на ЗАПИСА
Създаване/Редакция Редакция
Дата на регистрацията/редакция 14.11.2012
Служител, извършил регистрацията/редакцията
999 ## - СИСТЕМНИ КОНТРОЛНИ НОМЕРА
Koha biblionumber 103910
Koha biblioitemnumber 103910
Наличности
Код за отписване Код за изгубен артикул Код за повреда Коз за рестрикции Код за отдаване Артикулен № Име на библиотеката - собственик Име на библиотеката, в която се намира в момента Статус (Текущо местоположение) Дата на вписване в системата Местоположение - отдел Цена в лева Инвентарен номер Систематично азбучна сигнатура Баркод Номер на екземпляра Цена в евро Служебна бележка Служебен тип на артикула Източник на класификационната схема
  Не е изгубен Не е повреден без рестрикции ползва се в читалня 167829 Регионална библиотека "Любен Каравелов" Русе Регионална библиотека "Любен Каравелов" Русе Читалня 2003-11-18 Читалня 6.00 120000680138 Ч 330/В 24 120000680138 1 3.07 Дост: Pk Вид: Ф N: 8850 Дата: 13.11.2003 Дата инв: 22.03.2017 Бележки инв: Ч2017 Книги  
  Не е изгубен Не е повреден без рестрикции заемане за дома 167830 Регионална библиотека "Любен Каравелов" Русе Регионална библиотека "Любен Каравелов" Русе Заемна - подръчен фонд 2003-11-18 Заемна - подръчен фонд 6.00 120000680139 П 330.1/В 24 120000680139 2 3.07 Дост: Pk Вид: Ф N: 8850 Дата: 13.11.2003 Дата инв: 05.02.2018 Бележки инв: П2018 Книги  
  Не е изгубен Не е повреден без рестрикции ползва се в читалня 167831 Регионална библиотека "Любен Каравелов" Русе Регионална библиотека "Любен Каравелов" Русе Хранилище 2004-02-23 Хранилище 6.00 120000683001 Цб 216713 120000683001 3 3.07 Дост: Dp Вид: Д N: 15 Дата: 26.03.2003 Книги  
Изтеглен Не е изгубен Не е повреден без рестрикции заемане за дома 167832 Регионална библиотека "Любен Каравелов" Русе Регионална библиотека "Любен Каравелов" Русе Заемна - подръчен фонд 2004-03-09 Заемна - подръчен фонд 0.00 120000683400 П 330.1/В 24 120000683400 4 0.00 Дост: Pk Вид: Ф N: 8865 Дата: 05.03.2004 Книги Universal Decimal Classification
Vip Innovations Ltd, Rousse, Bulgaria 2025